Fresh logistika a zabezpečenie dodávateľského reťazca vo vybranom podniku
Analýza záujmu o čerstvé potraviny prostredníctvom automatov v konkrétnej spoločnosti. Riešenie ich zavedenia a zabezpečenia čerstvosti v dodávateľskom reťazci.
Salvato in:
| Autore principale: | |
|---|---|
| Altri autori: | , , , |
| Natura: | Capitolo di libro |
| Lingua: | slovacco |
| Soggetti: | |
| Tags: |
Nessun Tag, puoi essere il primo ad aggiungerne!!
|
MARC
| LEADER | 00000naa$a2200000$$$4500 | ||
|---|---|---|---|
| 001 | 0252462 | ||
| 005 | 20240502074041.2 | ||
| 041 | 0 | |a slo | |
| 044 | |a SK | ||
| 245 | 1 | 0 | |a Fresh logistika a zabezpečenie dodávateľského reťazca vo vybranom podniku |c Brigita Boorová, Lenka Jurčiová, Monika Kleinová, Monika Kostolanská, Jana Mramúchová |
| 520 | |a Analýza záujmu o čerstvé potraviny prostredníctvom automatov v konkrétnej spoločnosti. Riešenie ich zavedenia a zabezpečenia čerstvosti v dodávateľskom reťazci. | ||
| 610 | 2 | 0 | |a dodávatelia |
| 610 | 2 | 0 | |a logistika |
| 610 | 2 | 0 | |a potraviny |
| 610 | 2 | 0 | |a štýl životný |
| 610 | 2 | 0 | |a zdravie |
| 100 | 1 | |a Boorová, Brigita, 1979- | |
| 700 | 1 | |a Jurčiová, Lenka | |
| 700 | 1 | |a Kleinová, Monika | |
| 700 | 1 | |a Kostolanská, Monika | |
| 700 | 1 | |a Mramúchová, Jana | |